| 000 | 00749nam a2200265Ia 4500 | ||
|---|---|---|---|
| 001 | 8725 | ||
| 005 | 20240113234130.0 | ||
| 007 | ta | ||
| 008 | 180531s 197 ii a g b000 u 465 u | ||
| 040 | _aCotton College Assam | ||
| 041 | _aeng | ||
| 082 |
_a370.193 _bD 74 In |
||
| 100 | _aDoshi, S.L. . | ||
| 245 | 0 |
_aThe Approach to Sociological and Psychosocial Realities / _cS.L. Doshi. _hTextual Documents |
|
| 260 |
_aNew Delhi : _bSterling publishers , _cC 1976. |
||
| 300 |
_axi, 212p. : _bill. ; _c22cm. . |
||
| 504 | _aIndex | ||
| 653 | _aEducation | ||
| 653 | _aPsychosocial Realities | ||
| 653 | _aSociological Realities | ||
| 653 | _aSociological Realities | ||
| 942 |
_2ddc _cBK |
||
| 999 |
_c8712 _d8712 |
||